000 02622nam a2200385 i 4500
001 ELB76922
003 FlNmELB
006 m o d |
007 cr cnu||||||||
008 140910s2013 ag o 000 0 spa d
020 _a9781449204754 (e-book)
020 _z9789871772551
035 _a(MiAaPQ)EBC3223693
035 _a(Au-PeEL)EBL3223693
035 _a(CaPaEBR)ebr10914347
035 _a(OCoLC)949118887
040 _aFINmELB
_bspa
_erda
_cFINmELB
050 4 _aBF173
_b.J947 2013
082 0 _a150.195
_223
100 1 _aJullien, Franðcois.
245 1 0 _aCinco conceptos propuestos al psicoanálisis /
_cFranðcois Jullien.
264 1 _aBuenos Aires :
_bEl cuenco de plata,
_c2013.
300 _a1 recurso en línea (140 páginas)
336 _atexto
_btxt
_2rdacontent/spa
337 _acomputadora
_bc
_2rdamedia/spa
338 _arecurso en línea
_bcr
_2rdacarrier/spa
520 _aA pesar de la revolución que efectúa, no sigue dependiendo Freud de herramientas intelectuales europeas? Y no deja por ello en la sombra determinados aspectos de la práctica analítica que su teoría no pudo explorar? Y cómo se puede dar cuenta de ello, si no es saliendo de Europa? Propongo aquí cinco conceptos, abstraídos del pensamiento chino, en los cuales lo que sucede en la cura podría reflejarse y tal vez explicitarse mejor. Cada uno realiza un desfasaje: la disponibilidad con respecto a la atención del psicoanalista; la alusividad con respecto al decir del analizante; el sesgo con respecto a la ambición del método; la des-fijación con respecto a la apuesta misma de la cura; la transformación silenciosa, por último, con respecto a la exigencia de la acción y de su resultado. Otras tantas aproximaciones que muestran el psicoanálisis desde una perspectiva oblicua, revelando un carácter impensado. Pero ese carácter impensado, no es también el del pensamiento europeo revelado en sus prejuicios? Por lo cual es pertinente introducir el pensamiento chino de donde provienen esas nociones que, trasladadas al terreno del psicoanálisis, se ponen nuevamente a trabajar.g3s.
588 _aDescripción basada en recurso en línea; Título de la página del título en PDF (e-libro, visto September 11, 2013).
590 _aRecurso electrónico. Santa Fe, Arg.: e-libro, 2015. Disponible vía World Wide Web. El acceso puede estar limitado para las bibliotecas afiliadas a e-libro.
650 0 _aPsychoanalysis.
650 4 _aPsicoanálisis.
655 4 _aLibros electrónicos.
797 2 _ae-libro, Corp.
856 4 0 _uhttps://elibro.net/ereader/usam/76922
999 _c142032
_d142032